Catálogo
 En Linea

Clásicos Dominicanos / (Registro nro. 57583)

Detalles MARC
000 -CABECERA
campo de control de longitud fija 02935nam a2200457 i 4500
003 - IDENTIFICADOR DEL NÚMERO DE CONTROL
campo de control DO-SdBNP
005 - FECHA Y HORA DE LA ÚLTIMA TRANSACCIÓN
campo de control 20240830084209.0
007 - CAMPO FIJO DE DESCRIPCIÓN FÍSICA--INFORMACIÓN GENERAL
campo de control de longitud fija ta
008 - DATOS DE LONGITUD FIJA--INFORMACIÓN GENERAL
campo de control de longitud fija 240829s2018 dr cg 000 0 spa d
020 ## - NÚMERO INTERNACIONAL ESTÁNDAR DEL LIBRO
Número Internacional Estándar del Libro 9789945893045 (v. 1)
040 ## - FUENTE DE LA CATALOGACIÓN
Centro catalogador/agencia de origen DO-SdBNP
Lengua de catalogación spa
Centro/agencia transcriptor BNPHU
Normas de descripción rda
082 ## - NÚMERO DE LA CLASIFICACIÓN DECIMAL DEWEY
Número de documento/Ítem C614
Número de edición 22
110 1# - ENTRADA PRINCIPAL--NOMBRE DE ENTIDAD CORPORATIVA
Nombre de entidad corporativa o nombre de jurisdicción como elemento de entrada Refinería Dominicana de Petróleo, S.A (Refidomsa)
9 (RLIN) 86469
245 10 - MENCIÓN DE TÍTULO
Título Clásicos Dominicanos /
Mención de responsabilidad, etc. producción Félix Jiménez Jiménez ; coordinación musical y biografías de los compositores Julio César Paulino ; supervisores musicales Dante Cucurullo, Iluminada Jiménez de Lora ; análisis musical Ana Silfa Finke ; supervisión digitación musical Mayreni Morel Caraballo ; digitadores musicales Daniel Cabrera López, Jhonny Mora Márquez, José Almonte Martínez, Laura Linares Santana, Manuel Marmolejos Arias y otros
264 #1 - PRODUCCIÓN, PUBLICACIÓN, DISTRIBUCIÓN, FABRICACIÓN Y COPYRIGHT
Producción, publicación, distribución, fabricación y copyright Santo Domingo :
Nombre del de productor, editor, distribuidor, fabricante Refidomsa,
Fecha de producción, publicación, distribución, fabricación o copyright 2018.
264 #3 - PRODUCCIÓN, PUBLICACIÓN, DISTRIBUCIÓN, FABRICACIÓN Y COPYRIGHT
Nombre del de productor, editor, distribuidor, fabricante Editora Amigo del Hogar,
300 ## - DESCRIPCIÓN FÍSICA
Extensión Volumenes
Otras características físicas retrato, música
Dimensiones 32 cm.
336 ## - TIPO DE CONTENIDO
Fuente rdacontent
Término de tipo de contenido texto
Código de tipo de contenido txt
337 ## - TIPO DE MEDIO
Fuente rdamedia
Nombre/término del tipo de medio sin mediación
Código del tipo de medio n
338 ## - TIPO DE SOPORTE
Fuente rdacarrier
Nombre/término del tipo de soporte volumen
Código del tipo de soporte nc
500 ## - NOTA GENERAL
Nota general Incluye datos biográficos de los autores y análisis musical.
500 ## - NOTA GENERAL
Nota general tomos en espiral.
500 ## - NOTA GENERAL
Nota general Incluye las partituras.
505 0# - NOTA DE CONTENIDO CON FORMATO
Nota de contenido con formato Volumen 1 --
Título Tres preguntas --
Mención de responsabilidad Luis Mena --
Información miscelánea 1895-1964 /
Título Una respuesta --
Mención de responsabilidad Bienvenido Bustamante --
Información miscelánea 1923-2002 /
Título Serenata en la --
Mención de responsabilidad Julio Alberto Hernández --
Información miscelánea 1900-1999 /
Título Elegía --
Mención de responsabilidad Ramón Díaz Freeman --
Información miscelánea 1901-1976 /
Título A la caída de la tarde --
Mención de responsabilidad José Dolores Cerón --
Información miscelánea 1897-1969 /
Título Canto a la madre tierra --
Mención de responsabilidad Manuel Marino Miniño --
Información miscelánea 1930-1996 /
Título Rapsodia dominicana No. 1 --
Mención de responsabilidad Luis Rivera González --
Información miscelánea 1901-1986 /
Título Suite pastoral --
Mención de responsabilidad Manuel Simó --
Información miscelánea 1916-1988 /
Título Simastral, fantasía sinfónica --
Mención de responsabilidad Juan Francisco García --
Información miscelánea 1892-1974 /
590 ## - NOTA LOCAL (RLIN)
Nota local Inventariado, 2024/ YL
700 1# - PUNTO DE ACCESO ADICIONAL--NOMBRE DE PERSONA
Código de función/relación prod.
Nombre de persona Jiménez Jiménez, Félix
Término indicativo de función/relación producción
9 (RLIN) 86470
700 1# - PUNTO DE ACCESO ADICIONAL--NOMBRE DE PERSONA
Código de función/relación coord.
Nombre de persona Paulino, Julio César
Término indicativo de función/relación coordinación musical y biografías de los compositores
9 (RLIN) 86471
700 1# - PUNTO DE ACCESO ADICIONAL--NOMBRE DE PERSONA
Código de función/relación sup.
Nombre de persona Cucurullo, Dante
Término indicativo de función/relación supervisor musical
9 (RLIN) 86472
700 1# - PUNTO DE ACCESO ADICIONAL--NOMBRE DE PERSONA
Código de función/relación sup.
Nombre de persona Jiménez de Lora, Iluminada
Término indicativo de función/relación supervisor musical
9 (RLIN) 86473
700 1# - PUNTO DE ACCESO ADICIONAL--NOMBRE DE PERSONA
Código de función/relación anal.
Nombre de persona Silfa Finke, Ana
Término indicativo de función/relación análisis musical
9 (RLIN) 86474
700 1# - PUNTO DE ACCESO ADICIONAL--NOMBRE DE PERSONA
Código de función/relación sup.
Nombre de persona Morel Caraballo, Mayreni
Término indicativo de función/relación supervisión digitación musical
9 (RLIN) 86475
700 1# - PUNTO DE ACCESO ADICIONAL--NOMBRE DE PERSONA
Código de función/relación dig.
Nombre de persona Cabrera López, Daniel
Término indicativo de función/relación digitadores musicales
9 (RLIN) 86476
700 1# - PUNTO DE ACCESO ADICIONAL--NOMBRE DE PERSONA
Código de función/relación dig.
Nombre de persona Mora Márquez, Jhonny
Término indicativo de función/relación digitadores musicales
9 (RLIN) 86477
700 1# - PUNTO DE ACCESO ADICIONAL--NOMBRE DE PERSONA
Código de función/relación dig.
Nombre de persona Almonte Martínez, José
Término indicativo de función/relación digitadores musicales
9 (RLIN) 86478
700 1# - PUNTO DE ACCESO ADICIONAL--NOMBRE DE PERSONA
Código de función/relación dig.
Nombre de persona Linares Santana, Laura
Término indicativo de función/relación digitadores musicales
9 (RLIN) 86479
700 1# - PUNTO DE ACCESO ADICIONAL--NOMBRE DE PERSONA
Código de función/relación dig.
Nombre de persona Marmolejos Arias, Manuel
Término indicativo de función/relación digitadores musicales
9 (RLIN) 86480
700 1# - PUNTO DE ACCESO ADICIONAL--NOMBRE DE PERSONA
Código de función/relación dig.
Nombre de persona Morel Caraballo, Mayreni
Término indicativo de función/relación digitadores musicales
9 (RLIN) 86475
700 1# - PUNTO DE ACCESO ADICIONAL--NOMBRE DE PERSONA
Código de función/relación dig.
Nombre de persona Cruz Nouel, Mirla
Término indicativo de función/relación digitadores musicales
9 (RLIN) 86481
910 ## - DATOS DE OPCIÓN DEL USUARIO (OCLC)
Datos de opción del usuario YLockward
942 ## - ELEMENTOS DE PUNTO DE ACCESO ADICIONAL (KOHA)
Fuente del sistema de clasificación o colocación Dewey Decimal Classification
Tipo de ítem Koha Libro
Existencias
Estado de retiro Estado de pérdida Fuente del sistema de clasificación o colocación Restricciones de uso No para préstamo Código de colección Localización permanente Ubicación/localización actual Ubicación en estantería Fecha de adquisición Fuente de adquisición Total de préstamos Signatura topográfica completa Código de barras Fecha visto por última vez Número de copia Precio válido a partir de Tipo de ítem Koha
    Dewey Decimal Classification Excluido de préstamo   Patrimonio Dominicano Biblioteca Nacional Pedro Henríquez Ureña Biblioteca Nacional Pedro Henríquez Ureña En catalogación 24.04.2019 Deposito Legal   BNPHU PD C614 2024-5149 30.08.2024 v. 1, t. 1 30.08.2024 Libro
    Dewey Decimal Classification Excluido de préstamo   Patrimonio Dominicano Biblioteca Nacional Pedro Henríquez Ureña Biblioteca Nacional Pedro Henríquez Ureña En catalogación 24.04.2019 Deposito Legal   BNPHU PD C614 2024-5150 30.08.2024 v. 1, t. 2 30.08.2024 Libro
    Dewey Decimal Classification Excluido de préstamo   Patrimonio Dominicano Biblioteca Nacional Pedro Henríquez Ureña Biblioteca Nacional Pedro Henríquez Ureña En catalogación 24.04.2019 Deposito Legal   BNPHU PD C614 2024-5151 30.08.2024 v. 1, t. 3 30.08.2024 Libro
    Dewey Decimal Classification Excluido de préstamo   Patrimonio Dominicano Biblioteca Nacional Pedro Henríquez Ureña Biblioteca Nacional Pedro Henríquez Ureña En catalogación 24.04.2019 Deposito Legal   BNPHU PD C614 2024-5152 30.08.2024 v. 1, t. 4 30.08.2024 Libro
    Dewey Decimal Classification Excluido de préstamo   Patrimonio Dominicano Biblioteca Nacional Pedro Henríquez Ureña Biblioteca Nacional Pedro Henríquez Ureña En catalogación 24.04.2019 Deposito Legal   BNPHU PD C614 2024-5153 30.08.2024 v. 1, t. 5 30.08.2024 Libro
    Dewey Decimal Classification Excluido de préstamo   Patrimonio Dominicano Biblioteca Nacional Pedro Henríquez Ureña Biblioteca Nacional Pedro Henríquez Ureña En catalogación 24.04.2019 Deposito Legal   BNPHU PD C614 2024-5154 30.08.2024 v. 1, t. 6 30.08.2024 Libro
    Dewey Decimal Classification Excluido de préstamo   Patrimonio Dominicano Biblioteca Nacional Pedro Henríquez Ureña Biblioteca Nacional Pedro Henríquez Ureña En catalogación 24.04.2019 Deposito Legal   BNPHU PD C614 2024-5155 30.08.2024 v. 1, t. 7 30.08.2024 Libro
    Dewey Decimal Classification Excluido de préstamo   Patrimonio Dominicano Biblioteca Nacional Pedro Henríquez Ureña Biblioteca Nacional Pedro Henríquez Ureña En catalogación 24.04.2019 Deposito Legal   BNPHU PD C614 2024-5156 30.08.2024 v. 1, t. 8 30.08.2024 Libro
    Dewey Decimal Classification Excluido de préstamo   Patrimonio Dominicano Biblioteca Nacional Pedro Henríquez Ureña Biblioteca Nacional Pedro Henríquez Ureña En catalogación 24.04.2019 Deposito Legal   BNPHU PD C614 2024-5157 30.08.2024 v. 1, t. 9 30.08.2024 Libro

Con tecnología Koha